Movies Quiz

Random Movies or Actress Quiz

Two-Time Oscar Winning Actors Quiz Stats

 Plays Quiz Updated Jul 26, 2018

Challenge
Share
Tweet
Embed
Score 0/35 Timer 07:00
3 Plays Today
Actor First Movie % Correct
Marlon BrandoOn the Waterfront
96.3%
Tom HanksPhiladelphia
93.8%
Hilary SwankBoys Don't Cry
85.5%
Dustin HoffmanKramer vs. Kramer
85.3%
Kevin SpaceyThe Usual Suspects
84.1%
Sean PennMystic River
84%
Jodie FosterThe Accused
83.6%
Robert De NiroThe Godfather Part II
80.8%
Frances McDormandFargo
80.3%
Vivien LeighGone with the Wind
76.2%
Denzel WashingtonGlory
69.7%
Gene HackmanThe French Connection
65.1%
Christoph WaltzInglourious Basterds
59.8%
Cate BlanchettThe Aviator
52.4%
Michael CaineHannah and Her Sisters
50.9%
Gary CooperSergeant York
49.2%
Sally FieldNorma Rae
47.2%
Jessica LangeTootsie
45.9%
Actor First Movie % Correct
Jane FondaKlute
40.2%
Dianne WiestHannah and Her Sisters
39.2%
Elizabeth TaylorBUtterfield 8
37.1%
Maggie SmithThe Prime of Miss Jean Brodie
26.1%
Jason RobardsAll the President's Men
25.8%
Jack LemmonMister Roberts
22.4%
Bette DavisDangerous
21.5%
Spencer TracyCaptains Courageous
19.9%
Fredric MarchDr. Jekyll and Mr. Hyde
19.2%
Peter UstinovSpartacus
17.8%
Helen HayesThe Sin of Madelon Claudet
16.1%
Glenda JacksonWomen in Love
16.1%
Melvyn DouglasHud
14.4%
Luise RainerThe Great Ziegfeld
13.7%
Anthony QuinnViva Zapata!
13.5%
Olivia de HavillandTo Each His Own
12.2%
Shelley WintersThe Diary of Anne Frank
10.6%

You're not logged in!

Compare scores with friends on all Sporcle quizzes.
OR
Log In

You Might Also Like...

Show Comments

Extras

Top Quizzes Today


Score Distribution

Your Account Isn't Verified!

In order to create a playlist on Sporcle, you need to verify the email address you used during registration. Go to your Sporcle Settings to finish the process.

Report this User

Report this user for behavior that violates our Community Guidelines.

Details: